Terminologická práca ako súčasť odborno-jazykového vzdelávania

Cieľom príspevku je ozrejmiť základy v oblasti terminológie a terminologickej práce v odborných oblastiach, v ktorých hrá kľúčovú úlohu odborný jazyk a odborná komunikácia. Príspevok je preto adresovaný jazykovým odborníkom, napríklad prekladateľom, tlmočníkom a editorom slovníkov, redaktorom vedeck...

Celý popis

Uložené v:
Podrobná bibliografia
Hlavný autor: Štefčík, Jozef, 1976-
Médium: Kapitola
Jazyk:Slovak
Predmet:
Tagy: Pridať tag
Žiadne tagy, Buďte prvý, kto otaguje tento záznam!

MARC

LEADER 00000naa$a2200000$$$4500
001 0270521
005 20240502074235.5
041 0 |a slo 
044 |a SK 
245 1 0 |a Terminologická práca ako súčasť odborno-jazykového vzdelávania  |c Jozef Štefčík 
520 |a Cieľom príspevku je ozrejmiť základy v oblasti terminológie a terminologickej práce v odborných oblastiach, v ktorých hrá kľúčovú úlohu odborný jazyk a odborná komunikácia. Príspevok je preto adresovaný jazykovým odborníkom, napríklad prekladateľom, tlmočníkom a editorom slovníkov, redaktorom vedeckých časopisov, filológom a lingvistom, ktorí pracujú s odbornou lexikou, ako aj učiteľom jazykov pre špecifické účely. 
610 2 0 |a terminológia 
610 2 0 |a normy 
610 2 0 |a jazyk odborný 
610 2 0 |a prekladateľstvo 
610 2 0 |a pojmy 
100 1 |a Štefčík, Jozef, 1976-